[Event "Titled Tuesday intern op 13th Feb Early"]
[Site "Chess.com INT"]
[Date "2024.02.13"]
[Round "3"]
[White "Guliev, Logman"]
[Black "Hakobyan, Aram"]
[Result "0-1"]
[WhiteElo "2257"]
[BlackElo "2619"]
[PlyCount "78"]
[EventDate "2024.02.13"]
[EventType "swiss (blitz)"]
[EventRounds "11"]
[EventCountry "USA"]
[SourceTitle "CB08_2024"]
[SourceDate "2024.02.21"]
[SourceVersion "1"]
[SourceVersionDate "2024.02.21"]
[SourceQuality "1"]

1. e4 a6 2. d4 c6 3. Nc3 d5 4. Nf3 Bg4 5. Be2 e6 6. 0-0 Nf6 7. e5 Nfd7 8. Ng5 Bxe2 9. Qxe2 Be7 10. Qh5 g6 11. Qh6 Bf8 12. Qh3 Bg7 13. f4 Qe7 14. a4 c5 15. Ne2 Nc6 16. c3 h6 17. Nf3 Na5 18. Nd2 cxd4 19. Nxd4 0-0 20. b4 Nc6 21. N2f3 Nxd4 22. Nxd4 Rfc8 23. Bd2 Rc4 24. Rae1 Rac8 25. Qd3 a5 26. Nb5 axb4 27. Nd6 bxc3 28. Nxc8 Qc5+ 29. Be3 Qxc8 30. Rc1 Bf8 31. Rc2 Nc5 32. Bxc5 Qxc5+ 33. Kh1 Qa3 34. Rfc1 Bb4 35. Qe3 Qxa4 36. f5 Re4 37. Qxh6 Qxc2 38. f6 Qxc1+ 39. Qxc1 c2 0-1

[Event "Titled Tuesday intern op 13th Feb Early"]
[Site "Chess.com INT"]
[Date "2024.02.13"]
[Round "5"]
[White "Guliev, Logman"]
[Black "Pastor Carvajal, Jeigoth"]
[Result "1-0"]
[WhiteElo "2257"]
[BlackElo "2019"]
[PlyCount "43"]
[EventDate "2024.02.13"]
[EventType "swiss (blitz)"]
[EventRounds "11"]
[EventCountry "USA"]
[SourceTitle "CB08_2024"]
[SourceDate "2024.02.21"]
[SourceVersion "1"]
[SourceVersionDate "2024.02.21"]
[SourceQuality "1"]

1. e4 e5 2. Nf3 d6 3. d4 Nd7 4. Nc3 Ngf6 5. Bc4 Be7 6. 0-0 0-0 7. Qe2 c6 8. a4 b6 9. Rd1 Qc7 10. Bg5 Bb7 11. Nh4 Rfe8 12. Nf5 Bf8 13. Ba2 h6 14. Bh4 g6 15. dxe5 dxe5 16. Qc4 Nc5 17. Bxf6 gxf5 18. exf5 e4 19. Qe2 Qf4 20. Qh5 Ne6 21. fxe6 fxe6 22. Qg6+ 1-0

[Event "Titled Tuesday intern op 12th Dec Early"]
[Site "Chess.com INT"]
[Date "2023.12.12"]
[Round "3"]
[White "Guliev, Logman"]
[Black "Onischuk, Vladimir"]
[Result "1-0"]
[WhiteElo "2262"]
[BlackElo "2619"]
[PlyCount "95"]
[EventDate "2023.12.12"]
[EventType "swiss (blitz)"]
[EventRounds "11"]
[EventCountry "USA"]
[SourceTitle "CB51_2023"]
[SourceDate "2023.12.20"]
[SourceVersion "1"]
[SourceVersionDate "2023.12.20"]
[SourceQuality "1"]

1. e4 d6 2. d4 Nf6 3. Nc3 g6 4. f4 Bg7 5. Nf3 0-0 6. Bd3 Na6 7. 0-0 c5 8. d5 Bg4 9. Kh1 Rb8 10. Qe1 Nb4 11. a3 Nxd3 12. cxd3 b5 13. f5 Bxf3 14. Rxf3 Nd7 15. Qh4 Ne5 16. Rh3 h5 17. Bg5 Rb7 18. Rf1 Ng4 19. Nxb5 Rxb5 20. Bxe7 Qe8 21. Bxd6 Rxb2 22. Rhf3 Ne5 23. Rg3 Qd8 24. Be7 Qd7 25. f6 Re8 26. d6 Nc6 27. fxg7 Nxe7 28. dxe7 Qxe7 29. Qf4 Kxg7 30. h3 Rb7 31. Rgf3 Qe5 32. Qe3 Ree7 33. Qf2 Qd4 34. Qh4 c4 35. dxc4 Rxe4 36. Qg5 Qxc4 37. Qd8 Ree7 38. Qd6 Qe4 39. Qf6+ Kh7 40. Qc3 f5 41. Qf6 Qe5 42. Qg5 Rb6 43. Rd3 Rd6 44. Rdf3 Qf6 45. Qg3 Rde6 46. Rf4 Re3 47. Qf2 Re2 48. Qc5 1-0

[Event "Titled Tuesday intern op 12th Dec Early"]
[Site "Chess.com INT"]
[Date "2023.12.12"]
[Round "1"]
[White "Guliev, Logman"]
[Black "Palmer, Reegan"]
[Result "1-0"]
[WhiteElo "2262"]
[BlackElo "1860"]
[PlyCount "75"]
[EventDate "2023.12.12"]
[EventType "swiss (blitz)"]
[EventRounds "11"]
[EventCountry "USA"]
[SourceTitle "CB51_2023"]
[SourceDate "2023.12.20"]
[SourceVersion "1"]
[SourceVersionDate "2023.12.20"]
[SourceQuality "1"]

1. e4 c5 2. Nf3 d6 3. d4 cxd4 4. Nxd4 Nf6 5. Nc3 a6 6. f4 e5 7. Nf3 Nbd7 8. Bd3 Qc7 9. 0-0 Be7 10. Kh1 0-0 11. a4 Nc5 12. Qe2 Bg4 13. fxe5 dxe5 14. Bg5 Ne6 15. Be3 Rad8 16. Qf2 Bh5 17. Bb6 Ng4 18. Qg1 Qc6 19. h3 Nf4 20. hxg4 Bxg4 21. Bxd8 Bxf3 22. Rxf3 Bxd8 23. Nd5 Bg5 24. Nxf4 Bxf4 25. Qf2 g5 26. b3 g4 27. Rxf4 Qh6+ 28. Kg1 exf4 29. g3 f3 30. Re1 Rd8 31. e5 Qh3 32. Qh2 f2+ 33. Qxf2 Qh5 34. Qf5 Qh3 35. Re3 Rd4 36. e6 fxe6 37. Qxe6+ Kg7 38. Qe5+ 1-0

[Event "Titled Tuesday intern op 14th Nov Early"]
[Site "Chess.com INT"]
[Date "2023.11.14"]
[Round "1"]
[White "Guliev, Logman"]
[Black "Madaminov, Mukhiddin"]
[Result "0-1"]
[WhiteElo "2262"]
[BlackElo "2494"]
[PlyCount "60"]
[EventDate "2023.11.14"]
[EventType "swiss (blitz)"]
[EventRounds "11"]
[EventCountry "USA"]
[SourceTitle "CB47_2023"]
[SourceDate "2023.11.22"]
[SourceVersion "1"]
[SourceVersionDate "2023.11.22"]
[SourceQuality "1"]

1. e4 e5 2. Nf3 Nc6 3. Bb5 a6 4. Ba4 Nf6 5. 0-0 Nxe4 6. d4 b5 7. Bb3 d5 8. dxe5 Be6 9. Be3 Be7 10. c3 0-0 11. Nbd2 Bg4 12. Nxe4 dxe4 13. Qd5 Qxd5 14. Bxd5 exf3 15. Bxc6 fxg2 16. Kxg2 Rab8 17. f3 Be6 18. Rfd1 f6 19. exf6 Rxf6 20. Be4 Bd6 21. Rd2 Bf5 22. Bd5+ Be6 23. Be4 Re8 24. a4 Bf5 25. Bd5+ Be6 26. Be4 Bf5 27. Bd5+ Kf8 28. Kf2 Bd7 29. axb5 axb5 30. Kg2 Rxe3 0-1

[Event "Titled Tuesday intern op 14th Nov Early"]
[Site "Chess.com INT"]
[Date "2023.11.14"]
[Round "2"]
[White "Musat, Adrian"]
[Black "Guliev, Logman"]
[Result "1/2-1/2"]
[WhiteElo "2372"]
[BlackElo "2262"]
[PlyCount "142"]
[EventDate "2023.11.14"]
[EventType "swiss (blitz)"]
[EventRounds "11"]
[EventCountry "USA"]
[SourceTitle "CB47_2023"]
[SourceDate "2023.11.22"]
[SourceVersion "1"]
[SourceVersionDate "2023.11.22"]
[SourceQuality "1"]

1. d4 Nf6 2. Bf4 d5 3. Nf3 Bf5 4. e3 c5 5. Nbd2 e6 6. Bb5+ Nc6 7. Ne5 Rc8 8. c3 Bd6 9. dxc5 Bxc5 10. Nxc6 bxc6 11. Ba6 Rb8 12. Bxb8 Qxb8 13. b4 Bd6 14. Qa4 0-0 15. h3 c5 16. bxc5 Qb2 17. 0-0 Bxc5 18. Nb3 Bb6 19. Nd4 Bg6 20. Qb3 Qxb3 21. axb3 e5 22. Nf3 Re8 23. Bb5 Re7 24. c4 d4 25. exd4 exd4 26. Rfe1 Rc7 27. b4 Rc8 28. c5 Bc7 29. Rxa7 Nd5 30. Ra4 Nc3 31. Bd7 Rd8 32. Ra7 Bb8 33. Re8+ Rxe8 34. Bxe8 Bxa7 35. c6 Bb6 36. Nxd4 Bxd4 37. c7 Bf5 38. b5 Bc8 39. Kf1 Bb6 40. Ke1 Bxc7 41. Kd2 Ba5 42. Kd3 Kf8 43. Bc6 Ke7 44. Kc4 Kd6 45. Be8 Nd1 46. Bxf7 Be6+ 47. Bxe6 Kxe6 48. Kc5 Nxf2 49. b6 Bxb6+ 50. Kxb6 Nd3 51. Kb5 Nf4 52. Kc4 Nxg2 53. Kd3 Nf4+ 54. Ke4 Nxh3 55. Kf3 Ng5+ 56. Kg4 Kf6 57. Kf4 h5 58. Kg3 Ne4+ 59. Kh4 Kg6 60. Kh3 Kh6 61. Kh4 g5+ 62. Kh3 g4+ 63. Kg2 Kg5 64. Kh2 h4 65. Kg2 g3 66. Kh3 Nd2 67. Kg2 Kg4 68. Kh1 h3 69. Kg1 Kf3 70. Kh1 g2+ 71. Kg1 Nf1 1/2-1/2

[Event "Titled Tuesday intern op 05th Sep Early"]
[Site "Chess.com INT"]
[Date "2023.09.05"]
[Round "8"]
[White "Salinas Tomas, Daniel"]
[Black "Guliev, Logman"]
[Result "1-0"]
[WhiteElo "2175"]
[BlackElo "2262"]
[PlyCount "59"]
[EventDate "2023.09.05"]
[EventType "swiss (blitz)"]
[EventRounds "11"]
[EventCountry "USA"]
[SourceTitle "EXT 2024"]
[Source "ChessBase"]
[SourceDate "2023.10.10"]
[SourceVersion "1"]
[SourceVersionDate "2023.10.10"]
[SourceQuality "1"]

1. d4 d5 2. c4 e6 3. Nf3 Nf6 4. g3 Be7 5. Bg2 0-0 6. 0-0 c5 7. cxd5 exd5 8. dxc5 Nc6 9. a3 Bg4 10. b4 a6 11. Bb2 Ne4 12. Nbd2 Bf5 13. Nd4 Bg6 14. Nxc6 bxc6 15. Nb3 Qc8 16. Na5 Kh8 17. Qa4 Bf6 18. Bxf6 Nxf6 19. Qxc6 Ra7 20. Qxc8 Rxc8 21. Rfd1 Rd7 22. Bh3 Rdd8 23. Bxc8 Rxc8 24. Rd4 h5 25. Rad1 Bc2 26. R1d2 Ba4 27. Rxd5 Nxd5 28. Rxd5 Re8 29. e3 Re4 30. c6 1-0

[Event "Titled Tuesday intern op 08th Aug Early"]
[Site "Chess.com INT"]
[Date "2023.08.08"]
[Round "1"]
[White "Falbo, Sandro"]
[Black "Guliev, Logman"]
[Result "1-0"]
[WhiteElo "2179"]
[BlackElo "2254"]
[PlyCount "87"]
[EventDate "2023.08.08"]
[EventType "swiss (blitz)"]
[EventRounds "11"]
[EventCountry "USA"]
[SourceTitle "EXT 2024"]
[Source "ChessBase"]
[SourceDate "2023.10.10"]
[SourceVersion "1"]
[SourceVersionDate "2023.10.10"]
[SourceQuality "1"]

1. c4 e6 2. Nf3 d5 3. e3 Nf6 4. b3 Be7 5. Bb2 0-0 6. Be2 c5 7. 0-0 Nc6 8. d4 cxd4 9. Nxd4 Nxd4 10. Qxd4 Bd7 11. Nc3 Bc6 12. cxd5 exd5 13. Bf3 Rc8 14. Rfd1 Re8 15. Bxd5 Bxd5 16. Nxd5 Qxd5 17. Qxd5 Nxd5 18. Rxd5 Rc2 19. Bd4 Rec8 20. g3 a5 21. Rd7 R8c7 22. Rxc7 Rxc7 23. Bb6 Rc2 24. Bxa5 Bf6 25. Rd1 Rxa2 26. Bc3 Be7 27. Rd7 Bf8 28. Rxb7 f6 29. b4 Rc2 30. Bd4 h5 31. h4 Bd6 32. b5 g5 33. Bxf6 gxh4 34. Bxh4 Kf8 35. Bf6 Bb4 36. Bd4 Be1 37. e4 Rc4 38. Be3 Rxe4 39. b6 Rb4 40. Rh7 Bc3 41. b7 Bg7 42. Bc5+ Kg8 43. Rxg7+ Kxg7 44. Bxb4 1-0

[Event "Titled Tuesday intern op 25th Jul Early"]
[Site "Chess.com INT"]
[Date "2023.07.25"]
[Round "3"]
[White "Guliev, Logman"]
[Black "Senft, Sean"]
[Result "0-1"]
[WhiteElo "2254"]
[BlackElo "2160"]
[PlyCount "66"]
[EventDate "2023.07.25"]
[EventType "swiss (blitz)"]
[EventRounds "11"]
[EventCountry "USA"]
[SourceTitle "EXT 2024"]
[Source "ChessBase"]
[SourceDate "2023.10.10"]
[SourceVersion "1"]
[SourceVersionDate "2023.10.10"]
[SourceQuality "1"]

1. e4 c5 2. Nf3 d6 3. d4 cxd4 4. Nxd4 Nf6 5. Nc3 a6 6. f4 e6 7. Bd3 Nbd7 8. 0-0 Be7 9. Kh1 Qc7 10. Be3 b5 11. a3 Bb7 12. Qf3 Nc5 13. Rae1 h5 14. Bg1 h4 15. Qh3 0-0-0 16. Nd5 Nxd5 17. exd5 Bxd5 18. f5 Kb8 19. fxe6 fxe6 20. Rf7 e5 21. Rxg7 Rdg8 22. Nf5 Rxg7 23. Nxg7 Rg8 24. Bxc5 Rxg7 25. Bf2 Qc6 26. Bf1 Qxc2 27. Be3 Qxb2 28. Rc1 Rg8 29. Kg1 Bg5 30. Bxg5 Rxg5 31. Qc8+ Ka7 32. Rc7+ Kb6 33. Qb8+ Ka5 0-1

[Event "Titled Tuesday intern op 18th Jul Late"]
[Site "Chess.com INT"]
[Date "2023.07.18"]
[Round "3"]
[White "Guliev, Logman"]
[Black "Joubert, Dantelle"]
[Result "1-0"]
[WhiteElo "2254"]
[BlackElo "1566"]
[PlyCount "77"]
[EventDate "2023.07.18"]
[EventType "swiss (blitz)"]
[EventRounds "11"]
[EventCountry "USA"]
[SourceTitle "EXT 2024"]
[Source "ChessBase"]
[SourceDate "2023.10.10"]
[SourceVersion "1"]
[SourceVersionDate "2023.10.10"]
[SourceQuality "1"]

1. d4 d5 2. c4 e6 3. Nc3 Nf6 4. Nf3 Nbd7 5. cxd5 exd5 6. Bg5 Be7 7. e3 c6 8. Bd3 Nf8 9. Qc2 Ne6 10. Bh4 g6 11. 0-0 Ng7 12. Ne5 0-0 13. b4 Bxb4 14. Rab1 Be7 15. Rfc1 Nf5 16. Bg3 Nxg3 17. hxg3 Re8 18. Na4 Ba3 19. Re1 Bd6 20. f4 Nd7 21. Kf2 Qe7 22. Qd2 Nf6 23. Kg1 Ne4 24. Bxe4 dxe4 25. Rec1 f6 26. Nc4 Ba3 27. Rd1 Bd6 28. Nxd6 Qxd6 29. Nc5 b6 30. Nb3 Bb7 31. Rbc1 Rad8 32. Qe2 a5 33. Rb1 a4 34. Nc5 bxc5 35. Rxb7 cxd4 36. Rxd4 Qc5 37. Rc4 Qa3 38. Rxc6 Rd3 39. Rcc7 1-0

[Event "Titled Tuesday intern op 04th Jul Early"]
[Site "Chess.com INT"]
[Date "2023.07.04"]
[Round "5"]
[White "Fier, Alexandr"]
[Black "Guliev, Logman"]
[Result "1-0"]
[WhiteElo "2604"]
[BlackElo "2254"]
[PlyCount "53"]
[EventDate "2023.07.04"]
[EventType "swiss (blitz)"]
[EventRounds "11"]
[EventCountry "USA"]
[SourceTitle "EXT 2024"]
[Source "ChessBase"]
[SourceDate "2023.10.10"]
[SourceVersion "1"]
[SourceVersionDate "2023.10.10"]
[SourceQuality "1"]

1. d4 Nf6 2. Bg5 e6 3. e4 h6 4. Bxf6 Qxf6 5. c3 d5 6. Nd2 dxe4 7. Nxe4 Qd8 8. Nf3 Be7 9. Bd3 Nd7 10. 0-0 b6 11. Bc2 Bb7 12. Qd3 Nf6 13. Nxf6+ Bxf6 14. Ba4+ c6 15. Rfe1 0-0 16. Bc2 g6 17. h4 Qd5 18. Ne5 c5 19. Qg3 cxd4 20. Rad1 Bxh4 21. Qh3 Bg5 22. Be4 Qxe5 23. Bxb7 Qb5 24. Bxa8 Rxa8 25. Rxd4 Qxb2 26. Rd7 Qxc3 27. Qxc3 1-0

[Event "Titled Tuesday intern op 23rd May Late"]
[Site "Chess.com INT"]
[Date "2023.05.23"]
[Round "1"]
[White "Guliev, Logman"]
[Black "Durarbayli, Vasif"]
[Result "0-1"]
[WhiteElo "2250"]
[BlackElo "2627"]
[PlyCount "78"]
[EventDate "2023.05.23"]
[EventType "swiss (blitz)"]
[EventRounds "11"]
[EventCountry "USA"]
[SourceTitle "EXT 2024"]
[Source "ChessBase"]
[SourceDate "2023.10.10"]
[SourceVersion "1"]
[SourceVersionDate "2023.10.10"]
[SourceQuality "1"]

1. e4 c5 2. Nf3 d6 3. d4 cxd4 4. Nxd4 Nf6 5. Nc3 Nc6 6. Bg5 Qb6 7. Nb3 e6 8. Qd2 a6 9. 0-0-0 Be7 10. Kb1 0-0 11. f3 Rd8 12. g4 Qc7 13. Be3 b5 14. Qf2 Nd7 15. h4 Nce5 16. g5 Bb7 17. h5 b4 18. Na4 Rab8 19. Nb6 Nf8 20. g6 fxg6 21. hxg6 hxg6 22. Bd4 Bf6 23. Be2 g5 24. Rh2 Nfg6 25. Rdh1 Kf7 26. Bf1 Rh8 27. Bh3 Rh4 28. Be3 Rbh8 29. Nd4 Nf8 30. Na4 Bc8 31. Qg3 Bd7 32. Bxg5 Bxg5 33. Qxg5 Rxh3 34. Rxh3 Rxh3 35. Rxh3 Bxa4 36. f4 Nc6 37. Nf3 Ne7 38. Rh2 Ke8 39. Qg6+ Nexg6 0-1

[Event "Baku op"]
[Site "Baku"]
[Date "2023.05.04"]
[Round "1"]
[White "Nogerbek, Kazybek"]
[Black "Guliev, Logman"]
[Result "1-0"]
[WhiteElo "2474"]
[BlackElo "2261"]
[PlyCount "101"]
[EventDate "2023.05.04"]
[EventType "swiss"]
[EventRounds "9"]
[EventCountry "AZE"]
[SourceTitle "CBM 214 Extra"]
[Source "ChessBase"]
[SourceDate "2023.07.31"]
[SourceVersion "1"]
[SourceVersionDate "2023.07.31"]
[SourceQuality "1"]

1. d4 Nf6 2. Nf3 e6 3. Bf4 b6 4. Nbd2 Bb7 5. e3 Be7 6. Bd3 Nh5 7. Bg3 d6 8. Qe2 Nd7 9. Ba6 Qc8 10. Bxb7 Qxb7 11. e4 c5 12. c3 cxd4 13. cxd4 Rc8 14. 0-0 Nxg3 15. hxg3 0-0 16. g4 Rc2 17. Rab1 Rfc8 18. Qd3 b5 19. g5 Qb6 20. g3 Qa5 21. a3 b4 22. Nb3 Qa4 23. axb4 R2c7 24. d5 exd5 25. exd5 Qxb4 26. Rbe1 Nc5 27. Nxc5 Qxc5 28. Kg2 Bf8 29. Rh1 g6 30. Nd2 Qc2 31. Ne4 Bg7 32. Qf3 Qxb2 33. Nxd6 Rf8 34. Ne8 Rc8 35. Nf6+ Bxf6 36. gxf6 Rfd8 37. Qf4 Rc2 38. d6 Rd2 39. Rxh7 Rxf2+ 40. Qxf2 Qxf2+ 41. Kxf2 Kxh7 42. Rh1+ Kg8 43. Rd1 Kh7 44. Ke3 g5 45. d7 Kg6 46. Rd6 Kf5 47. Kd4 a5 48. Kd5 a4 49. Kc6 a3 50. Kc7 a2 51. Ra6 1-0

[Event "Titled Tuesday intern op 21st Mar Late"]
[Site "Chess.com INT"]
[Date "2023.03.21"]
[Round "2"]
[White "Guliev, Logman"]
[Black "Dylag, Emilia"]
[Result "1-0"]
[WhiteElo "2261"]
[BlackElo "2052"]
[PlyCount "59"]
[EventDate "2023.03.21"]
[EventType "swiss (blitz)"]
[EventRounds "11"]
[EventCountry "USA"]
[SourceTitle "EXT 2024"]
[Source "ChessBase"]
[SourceDate "2023.10.10"]
[SourceVersion "1"]
[SourceVersionDate "2023.10.10"]
[SourceQuality "1"]

1. e4 e6 2. d4 d5 3. Nc3 dxe4 4. Nxe4 Nd7 5. Nf3 Ngf6 6. Nxf6+ Nxf6 7. Bd3 c5 8. Bg5 cxd4 9. Qe2 Bb4+ 10. Nd2 0-0 11. 0-0-0 h6 12. Bh4 g5 13. Bg3 Qa5 14. Kb1 Nd5 15. Nb3 Qa4 16. Qe4 f5 17. Qxd4 Bd7 18. c4 Nf6 19. Be5 Ng4 20. Bh8 Rf7 21. h4 Re8 22. Be5 Bc6 23. hxg5 Rd7 24. Qf4 Red8 25. gxh6 Rxd3 26. Rxd3 Rxd3 27. h7+ Kf7 28. h8Q Be4 29. Rh7+ Kg6 30. Qg7# 1-0

[Event "Titled Tuesday intern op 21st Mar Late"]
[Site "Chess.com INT"]
[Date "2023.03.21"]
[Round "5"]
[White "Guliev, Logman"]
[Black "Kakabayaev, Mergen"]
[Result "0-1"]
[WhiteElo "2261"]
[BlackElo "2309"]
[PlyCount "98"]
[EventDate "2023.03.21"]
[EventType "swiss (blitz)"]
[EventRounds "11"]
[EventCountry "USA"]
[SourceTitle "EXT 2024"]
[Source "ChessBase"]
[SourceDate "2023.10.10"]
[SourceVersion "1"]
[SourceVersionDate "2023.10.10"]
[SourceQuality "1"]

1. e4 e6 2. d4 d5 3. Nd2 c5 4. exd5 Qxd5 5. Ngf3 cxd4 6. Bc4 Qd6 7. 0-0 Nf6 8. Nb3 Nc6 9. Nbxd4 Nxd4 10. Nxd4 a6 11. Bb3 Be7 12. c3 0-0 13. Qf3 Qc7 14. Bg5 h6 15. Bh4 Rb8 16. Rfe1 b5 17. Nc6 Bb7 18. Nxe7+ Qxe7 19. Bxf6 Qxf6 20. Qxf6 gxf6 21. Red1 Rfd8 22. f3 Kf8 23. Kf2 Ke7 24. Ke3 Bc6 25. g3 a5 26. a3 h5 27. Rxd8 Rxd8 28. Rd1 Rh8 29. Rd4 e5 30. Rh4 f5 31. g4 f4+ 32. Ke2 Kf6 33. Rxh5 Rxh5 34. gxh5 Be8 35. Kd3 Kg5 36. c4 bxc4+ 37. Bxc4 f5 38. Bd5 Bxh5 39. b4 axb4 40. axb4 Be8 41. Kc4 e4 42. fxe4 f3 43. e5 Bf7 44. Kd4 Bxd5 45. Ke3 f4+ 46. Kf2 Kf5 47. b5 Kxe5 48. h4 Kf5 49. b6 Kg4 0-1

[Event "Titled Tuesday intern op 21st Mar Late"]
[Site "Chess.com INT"]
[Date "2023.03.21"]
[Round "3"]
[White "Guliev, Logman"]
[Black "Wieczorek, Oskar"]
[Result "1-0"]
[WhiteElo "2261"]
[BlackElo "2505"]
[PlyCount "101"]
[EventDate "2023.03.21"]
[EventType "swiss (blitz)"]
[EventRounds "11"]
[EventCountry "USA"]
[SourceTitle "EXT 2024"]
[Source "ChessBase"]
[SourceDate "2023.10.10"]
[SourceVersion "1"]
[SourceVersionDate "2023.10.10"]
[SourceQuality "1"]

1. e4 c5 2. Nf3 e6 3. d4 cxd4 4. Nxd4 Nf6 5. Bd3 Nc6 6. Nxc6 bxc6 7. 0-0 d5 8. Nd2 Be7 9. c4 0-0 10. Qc2 h6 11. b3 Bb7 12. Bb2 Rc8 13. Rad1 Qa5 14. Bc3 Qb6 15. Nf3 Rfd8 16. e5 Nd7 17. Qe2 c5 18. Qe1 Re8 19. cxd5 Bxd5 20. Be4 Bxe4 21. Qxe4 Qc7 22. Nd2 Nb6 23. Ba5 Qc6 24. Qxc6 Rxc6 25. Bxb6 axb6 26. a4 b5 27. axb5 Rb6 28. Ra1 Rxb5 29. Ra7 Bg5 30. f4 Be7 31. Rf3 c4 32. bxc4 Bc5+ 33. Kf1 Rb2 34. Rd7 Ra8 35. Rfd3 Ra1+ 36. Ke2 Bb4 37. Rb3 Rxb3 38. Nxb3 Rg1 39. Kf3 Rb1 40. Rd3 g5 41. g3 gxf4 42. gxf4 Rb2 43. Nd4 Rxh2 44. Nb5 Kg7 45. Nc7 Kg6 46. Ne8 Bf8 47. Nd6 Rc2 48. Ke3 h5 49. Kd4 Bh6 50. c5 Bxf4 51. Nc4 1-0

[Event "Titled Tuesday intern op 21st Mar Late"]
[Site "Chess.com INT"]
[Date "2023.03.21"]
[Round "1"]
[White "Perez Ponsa, Federico"]
[Black "Guliev, Logman"]
[Result "1-0"]
[WhiteElo "2532"]
[BlackElo "2261"]
[PlyCount "61"]
[EventDate "2023.03.21"]
[EventType "swiss (blitz)"]
[EventRounds "11"]
[EventCountry "USA"]
[SourceTitle "EXT 2024"]
[Source "ChessBase"]
[SourceDate "2023.10.10"]
[SourceVersion "1"]
[SourceVersionDate "2023.10.10"]
[SourceQuality "1"]

1. e4 e5 2. Nf3 Nc6 3. Bc4 Nf6 4. d3 Be7 5. 0-0 d6 6. a4 Bg4 7. c3 0-0 8. h3 Bh5 9. Nbd2 a6 10. Re1 d5 11. exd5 Nxd5 12. Ne4 Kh8 13. Ng3 Bg6 14. Nxe5 Nxe5 15. Rxe5 Nb6 16. Bb3 Bf6 17. Re3 c5 18. a5 Nd5 19. Re1 Nc7 20. Ne4 Bh4 21. Nxc5 Qf6 22. Be3 Rad8 23. Qg4 Bf5 24. Qf3 Qg6 25. Ra4 Be7 26. Rf4 Bxd3 27. Nxd3 Rxd3 28. Bc2 Rxe3 29. Qxe3 Qxc2 30. Qxe7 Rc8 31. Qxc7 1-0

[Event "Titled Tuesday intern op 21st Mar Late"]
[Site "Chess.com INT"]
[Date "2023.03.21"]
[Round "4"]
[White "Spata, German"]
[Black "Guliev, Logman"]
[Result "1-0"]
[WhiteElo "2364"]
[BlackElo "2261"]
[PlyCount "77"]
[EventDate "2023.03.21"]
[EventType "swiss (blitz)"]
[EventRounds "11"]
[EventCountry "USA"]
[SourceTitle "EXT 2024"]
[Source "ChessBase"]
[SourceDate "2023.10.10"]
[SourceVersion "1"]
[SourceVersionDate "2023.10.10"]
[SourceQuality "1"]

1. Nf3 d5 2. g3 g6 3. Bg2 Bg7 4. d4 Nf6 5. 0-0 0-0 6. c4 c6 7. b3 dxc4 8. bxc4 c5 9. Bb2 Qb6 10. Qb3 Ne4 11. e3 Nc6 12. Nc3 Nxc3 13. Bxc3 Bg4 14. Ne5 Nxe5 15. dxe5 Rab8 16. h3 Be6 17. Rfd1 Qc7 18. f4 b5 19. Bd5 bxc4 20. Qa4 Bxh3 21. Qxc4 Bg4 22. Rdb1 e6 23. Be4 Rfd8 24. Qa4 c4 25. Bd4 a5 26. Rc1 Rb4 27. Qc2 Bf8 28. a3 Rb3 29. Qxb3 Rc8 30. Qb6 Qd7 31. a4 h5 32. Qb5 Qc7 33. Rc2 h4 34. Rac1 Rb8 35. Qxc4 Qd7 36. Qc7 Qe8 37. Qc6 Qd8 38. Qc7 Qe8 39. Qc4 1-0

[Event "Titled Tuesday intern op 28th Feb Early"]
[Site "Chess.com INT"]
[Date "2023.02.28"]
[Round "7"]
[White "Nazari, Arad"]
[Black "Guliev, Logman"]
[Result "1-0"]
[WhiteElo "2379"]
[BlackElo "2261"]
[PlyCount "93"]
[EventDate "2023.02.28"]
[EventType "swiss (blitz)"]
[EventRounds "11"]
[EventCountry "USA"]
[SourceTitle "CBM 213 Extra"]
[Source "ChessBase"]
[SourceDate "2023.05.31"]
[SourceVersion "1"]
[SourceVersionDate "2023.05.31"]
[SourceQuality "1"]

1. e4 c5 2. Nf3 d6 3. Bb5+ Bd7 4. Bxd7+ Nxd7 5. 0-0 Ngf6 6. Qe2 e6 7. c3 Be7 8. d4 cxd4 9. cxd4 d5 10. e5 Ne4 11. Nbd2 Nxd2 12. Bxd2 0-0 13. Qd3 Rc8 14. Rfe1 Nb6 15. b3 Qc7 16. Rac1 Qd7 17. Bg5 h6 18. Bd2 Rxc1 19. Rxc1 Rc8 20. g4 Rxc1+ 21. Bxc1 Qc6 22. Bd2 Nd7 23. h4 Qa6 24. Qxa6 bxa6 25. Kf1 Nb8 26. Ke2 Nc6 27. h5 Kf8 28. Kd3 Ke8 29. Ne1 Bh4 30. Ke3 Bg5+ 31. f4 Be7 32. Nc2 Kd7 33. Kd3 Bh4 34. g5 Ne7 35. Ne3 hxg5 36. Ng2 f6 37. h6 gxh6 38. exf6 Ng6 39. Bb4 Ke8 40. fxg5 Bxg5 41. Bc5 h5 42. Ke2 Kf7 43. Bxa7 Kxf6 44. a4 Kf5 45. Kf3 h4 46. Bb8 h3 47. Ne1 1-0

[Event "Titled Tuesday intern op 07th Feb Early"]
[Site "Chess.com INT"]
[Date "2023.02.07"]
[Round "3"]
[White "Dehtiarov, Roman"]
[Black "Guliev, Logman"]
[Result "1-0"]
[WhiteElo "2300"]
[BlackElo "2261"]
[PlyCount "51"]
[EventDate "2023.02.07"]
[EventType "swiss (blitz)"]
[EventRounds "11"]
[EventCountry "USA"]
[SourceTitle "EXT 2024"]
[Source "ChessBase"]
[SourceDate "2023.10.10"]
[SourceVersion "1"]
[SourceVersionDate "2023.10.10"]
[SourceQuality "1"]

1. e4 c5 2. Nc3 d6 3. f4 e6 4. Nf3 Nf6 5. Bb5+ Bd7 6. Bxd7+ Qxd7 7. 0-0 Nc6 8. d3 Be7 9. Qe1 0-0 10. h3 Nd4 11. Qf2 Nxf3+ 12. Qxf3 b5 13. Be3 b4 14. Ne2 a5 15. g4 Qb5 16. f5 Nd7 17. Nf4 Ne5 18. Qg3 Qd7 19. Rf2 d5 20. Nh5 f6 21. Nf4 exf5 22. gxf5 dxe4 23. dxe4 Rf7 24. Ne6 Ra6 25. Bf4 Qd4 26. Nxd4 1-0

[Event "Titled Tuesday intern op 31st Jan Early"]
[Site "Chess.com INT"]
[Date "2023.01.31"]
[Round "3"]
[White "Guliev, Logman"]
[Black "Dehtiarov, Roman"]
[Result "1-0"]
[WhiteElo "2261"]
[BlackElo "2300"]
[PlyCount "61"]
[EventDate "2023.01.31"]
[EventType "swiss (blitz)"]
[EventRounds "11"]
[EventCountry "USA"]
[SourceTitle "CBM 212 Extra"]
[Source "ChessBase"]
[SourceDate "2023.03.31"]
[SourceVersion "1"]
[SourceVersionDate "2023.03.31"]
[SourceQuality "1"]

1. e4 e5 2. Nf3 Nc6 3. Bb5 a6 4. Ba4 Nf6 5. 0-0 Be7 6. Re1 b5 7. Bb3 0-0 8. h3 d6 9. c3 Na5 10. Bc2 c5 11. d4 cxd4 12. cxd4 Nc6 13. a3 Bb7 14. Nc3 Rc8 15. Bg5 h6 16. Be3 exd4 17. Nxd4 Re8 18. Nf5 Bf8 19. Nd5 Nxd5 20. exd5 Ne5 21. Rc1 Qf6 22. Bb1 Rxc1 23. Qxc1 Bxd5 24. Bd4 Be6 25. Ng3 Nf3+ 26. gxf3 Qxd4 27. Qc2 g6 28. Qc6 Rc8 29. Qb7 Bxh3 30. Bf5 Bxf5 31. Nxf5 1-0